The Interesting Facts Group Quiz - Statistics

General Stats
  • This quiz has been taken 16 times
    13 since last reset
  • The average score is 9 of 23
Answer Stats
Hint Answer % Correct
Shared group mod account IFGroup
91%
Date of founding July {14}, 2024
91%
Group Moderators Neodymium
91%
How many words in the above's name did MKF mispronounce? Both
82%
Platform where the group initially tried to form but couldn't (due to users not using it) Discord
64%
Group Moderators McKenzieFam
55%
Group Moderators Noivern
55%
Indian language spoken by three group members Telugu
55%
User who had two of their previous accounts shadowbanned In2restingFacts
45%
The number of the IF Page that the Group stopped yapping from 198
36%
User whose quote appears in the group description CambodianQuizzer
36%
Reason the group was founded To reduce {yap} on the IF Pages
36%
Number of inactive users according to the activity chart 95
27%
User whose new name does not rhyme, despite what MKF thinks TigerNiger
27%
Where the base for the above would be Beneath {Uluru}
18%
Certification once given by the above user for interesting facts Certified Interesting
18%
"Peak lifeform" animal according to Neo Crab
18%
Name of theoretical monetary exploit that uses Australia's currency Infinite Money Glitch
18%
According to Lindwyrm, who looks like Sean Connery with a big beard? Khomeini
18%
Quiz podcast whose questions sometimes get taken by the IFG Lateral
18%
What cultured people drink according to thread Mango Lassi
18%
What disorder is said to affect fans of the fact pages? New Facts Absence Disorder
18%
Record time set by thread on the US Counties quiz 33:06
9%
No matching quizzes found
Score Distribution
Percent of People with Each Score
Percentile by Number Answered
Your Score History
You have not taken this quiz since the last reset